Czech regions - Statistics

General Stats
  • This quiz has been taken 17 times
  • The average score is 6 of 14
Answer Stats
Answer % Correct
Prague
86%
Jihoceský
50%
Karlovarský
50%
Pardubický
50%
Stredoceský
50%
Ústecký
50%
Zlínský
50%
Jihomoravský
43%
Královéhradecký
43%
Moravskoslezský
43%
Olomoucký
43%
Plzenský
43%
Vysocina
43%
Libereneský
0%
No matching quizzes found
Score Distribution
Percent of People with Each Score
Percentile by Number Answered
Your Score History
You have not taken this quiz